000
00333 a2200133 4500
000
nam a22 7a 4500
100
_a
Jared McDonald
110
_a
Jared McDonald
245
_a
Feeling Their Pain
250
_a
latest edition
260
_b
Oxford University Press
_c
2024
264
_b
Oxford University Press
_c
2024
942
_c
BK
999
_c
395304
_d
395304